000 00188 a2200097 4500
001 6431
100 _aFurth, C
245 _aLife since 1900
260 _a
_bAllen
_c
090 _c5291
_d5291
942 _aNUST-CAE
_cM
_c31702
999 _c241504
_d241504